[Event "Logumkloster op"]
[White "Andersen, Baltser"]
[Black "Beck, Kresten"]
[Site "Logumkloster"]
[Round "1"]
[Result "1-0"]
[Date "2022.03.22"]
[WhiteElo "1489"]
[BlackElo "1362"]
[PlyCount "117"]
[EventDate "2022.03.22"]
[EventType "swiss"]
[EventRounds "7"]
[EventCountry "DEN"]
[SourceTitle "EXT 2024"]
[Source "ChessBase"]
[SourceDate "2023.10.10"]
[SourceVersion "1"]
[SourceVersionDate "2023.10.10"]
[SourceQuality "1"]

1. c4 c5 2. Nc3 Nf6 3. e4 e5 4. Be2 Nc6 5. d3 d6 6. Be3 Be6 7. Nd5 Nd4 8. Bxd4 cxd4 9. Qd2 Nxd5 10. cxd5 Qb6 11. dxe6 fxe6 12. Nf3 h6 13. 0-0 Be7 14. a3 Qd8 15. Rac1 0-0 16. Rc2 Rc8 17. Rxc8 Qxc8 18. Rc1 Qd7 19. Qc2 a6 20. Qc4 b5 21. Qc7 Qxc7 22. Rxc7 Bf6 23. h3 Rf7 24. Rc6 Rd7 25. Bd1 a5 26. Bb3 d5 27. Kf1 Kh7 28. Ke2 a4 29. Bc2 dxe4 30. dxe4 Rb7 31. Rxe6 Rc7 32. Kd3 Rc5 33. Rb6 Kg8 34. Rd6 Kf7 35. Rd5 Rxd5 36. exd5 Ke7 37. Ke4 Kd6 38. g3 g6 39. h4 Bg7 40. Bd3 Kc5 41. Nxe5 g5 42. hxg5 hxg5 43. Nf7 Bf6 44. f4 gxf4 45. gxf4 b4 46. Ne5 bxa3 47. bxa3 Bh4 48. Nf3 Bf6 49. Ne5 Bh4 50. Nd7+ Kd6 51. Nb6 Bf6 52. Nxa4 Be7 53. Nb6 Kc5 54. Nc4 Bd8 55. f5 Bf6 56. Ne5 Kd6 57. Ng4 Be7 58. f6 Bf8 59. Kxd4 1-0

[Event "Logumkloster-chC"]
[White "Harbo, Ole"]
[Black "Beck, Kresten"]
[Site "Logumkloster"]
[Round "3"]
[Result "1-0"]
[Date "2014.04.22"]
[WhiteElo "1094"]
[BlackElo "1201"]
[PlyCount "129"]
[EventDate "2014.03.18"]
[EventType "tourn"]
[EventRounds "5"]
[EventCountry "DEN"]
[SourceTitle "EXT 2023"]
[Source "ChessBase"]
[SourceDate "2022.10.05"]
[SourceVersion "1"]
[SourceVersionDate "2022.10.05"]
[SourceQuality "1"]

1. Nf3 Nf6 2. d4 d5 3. h3 e6 4. Bg5 Be7 5. Bxf6 Bxf6 6. e3 h6 7. Nc3 Bd7 8. Qd3 a6 9. e4 dxe4 10. Qxe4 Be7 11. 0-0-0 0-0 12. Bc4 c6 13. Bd3 f5 14. Qe5 Bf6 15. Qe2 b5 16. Ne5 Bxe5 17. dxe5 Qe7 18. Kb1 c5 19. Qe3 Nc6 20. g4 c4 21. Be2 Rad8 22. Rd6 Be8 23. Rxd8 Qxd8 24. Qc5 fxg4 25. hxg4 Qd2 26. Rd1 Qf4 27. Rd6 Qxf2 28. Qxf2 Rxf2 29. Rxe6 Kf7 30. Rd6 b4 31. Bxc4+ Ke7 32. Nd5+ Kf8 33. b3 Nxe5 34. Bxa6 Rd2 35. Rd8 Nf7 36. Kc1 Rxc2+ 37. Kxc2 Nxd8 38. Nxb4 Bd7 39. Be2 Ke7 40. Kc3 Kd6 41. Kd4 Ne6+ 42. Kc4 Nc7 43. a4 Be6+ 44. Kc3 Ne8 45. Nd3 Nf6 46. Nf2 Kc5 47. b4+ Kb6 48. a5+ Ka7 49. Kd4 Nd7 50. Bf3 Ka6 51. Be2+ Ka7 52. Kc3 Ne5 53. Kd4 Nd7 54. Bc4 Bxc4 55. Kxc4 Ka6 56. Kd5 Kb5 57. Nd3 Nf6+ 58. Ke6 Nxg4 59. Kd6 Nf6 60. a6 Kxa6 61. Kc6 Ka7 62. Nc5 Ne8 63. b5 h5 64. b6+ Kb8 65. Na6+ 1-0

[Event "Logumkloster-chB"]
[White "Beck, Kresten"]
[Black "Munksgaard, Aage"]
[Site "Logumkloster"]
[Round "5"]
[Result "1/2-1/2"]
[Date "2012.05.01"]
[WhiteElo "1304"]
[BlackElo "1347"]
[PlyCount "67"]
[EventDate "2012.03.27"]
[EventType "swiss"]
[EventRounds "5"]
[EventCountry "DEN"]
[SourceTitle "EXT 2023"]
[Source "ChessBase"]
[SourceDate "2022.10.05"]
[SourceVersion "1"]
[SourceVersionDate "2022.10.05"]
[SourceQuality "1"]

1. e4 e5 2. Nf3 d6 3. Nc3 Nf6 4. d3 Be7 5. h3 Nc6 6. Be2 0-0 7. Be3 d5 8. exd5 Nxd5 9. Nxd5 Qxd5 10. 0-0 e4 11. dxe4 Qxe4 12. Bd3 Qe6 13. a3 h6 14. Qe2 Bf6 15. c3 b6 16. Bc4 Qe7 17. Rad1 Bb7 18. Rfe1 Rad8 19. Rxd8 Rxd8 20. Rd1 Rxd1+ 21. Qxd1 Ne5 22. Nxe5 Bxe5 23. Qd2 Bd6 24. Qe2 Qe4 25. f3 Qe5 26. f4 Qe7 27. Qf2 Qe4 28. Bd4 Qg6 29. Qd2 Qg3 30. Qf2 Qg6 31. Qd2 Qg3 32. Qf2 Qg6 33. Qd2 Qf5 34. g3 1/2-1/2